000 00321nam a2200109Ia 4500
008 171204s9999 xx 000 0 und d
245 _aLearning Unity Android Game Development:
245 _cThomas Finnegan
260 _c2015
650 _x2D COMPUTER ANIMATION
856 _uhttp://down.ebook777.com/045/9781784394691.pdf
999 _c346231
_d346231